Lykee Li & Drake Little Bit - Statistics

General Stats
  • This quiz has been taken 33 times
  • The average score is 322 of 448
Answer Stats
Hint Answer % Correct
. | K A
100%
A B
100%
. | V I
100%
O Love
100%
E | L | U You
100%
Do
96%
N It
96%
Little
96%
Bit
93%
E | L But
93%
. In
93%
H Know
93%
E Of
93%
E | K | O To
93%
L With
93%
. | L Be
89%
B | T Im
89%
B Its
89%
C For
86%
:) | K Me
86%
Think
86%
E Cause
82%
I Dont
82%
On
82%
D We
82%
Youre
82%
A From
79%
N How
79%
T Proud
79%
The
79%
I Too
79%
A Who
79%
N And
75%
E Down
75%
. Just
75%
R Move
75%
My
75%
I | L | T Oh
75%
(Oh)
75%
(OH)
75%
When
75%
A Eyes
71%
L Hands
71%
B Shut
71%
. So
71%
W Thinking
71%
Y Up
71%
D Cant
68%
Tell
68%
Time
68%
Break
64%
That
64%
Told
64%
Would
64%
Apart
61%
F Before
61%
Button
61%
Go
61%
GO
61%
Guess
61%
Ill
61%
Mind
61%
Pull
61%
Push
61%
L See
61%
Wanna
61%
E Was
61%
(Yeah)
61%
Yeah
61%
Baby
57%
Hearts
57%
If
57%
Keep
57%
Mountain
57%
Never
57%
Off
57%
Say
57%
Take
57%
Trigger
57%
L Basically
54%
. Change
54%
Ever
54%
Ignore
54%
Jump
54%
Maybe
54%
Mean
54%
Only
54%
Out
54%
Out)
54%
They
54%
Ah
50%
All
50%
Climb
50%
First
50%
Have
50%
. Id
50%
Let
50%
What
50%
Will
50%
Already
46%
As
46%
Avoiding
46%
Cliff
46%
Confirm
46%
Find
46%
(Find
46%
Fling
46%
Hope
46%
Like
46%
. Losing
46%
Questions
46%
(Questions)
46%
Their
46%
We'll
46%
Well
46%
Could
43%
Man
43%
Many
43%
One
43%
Pressures
43%
Soon
43%
Teach
43%
Things
43%
Girl
39%
Her
39%
Learn
39%
Lesson
39%
(Lesson)
39%
Scared
39%
Still
39%
Back
36%
Both
36%
Feels
36%
Official
36%
(Official)
36%
Right
36%
Sync
36%
Aint
32%
Beat
32%
Fall
32%
Justin
32%
She
32%
Song
32%
Wrong
32%
Ass
29%
Cheatin
29%
Closest
29%
Come
29%
Get
29%
Jealous
29%
La
29%
Metronome
29%
Wonder
29%
Always
25%
Approached
25%
Bout
25%
Call
25%
Ive
25%
Probably
25%
Tryna
25%
Friends
21%
More
21%
Not
21%
Ooh
21%
Shit
21%
(UH)
21%
World
21%
Mm
18%
Some
18%
Caught
11%
N*ggas
4%
(La la la la la)
0%
No matching quizzes found
Score Distribution
Percent of People with Each Score
Percentile by Number Answered
Your Score History
You have not taken this quiz